| 000 | 00480nam a22001817a 4500 | ||
|---|---|---|---|
| 003 | MPLRDC | ||
| 005 | 20220104123953.0 | ||
| 008 | 210129b ||||| |||| 00| 0 eng d | ||
| 082 | _a179.1 FREE | ||
| 100 | _aFRANK S.FREEMAN | ||
| 245 |
_a心理测验之理论与实施 _c倪亮译 |
||
| 250 | _a初版 | ||
| 260 |
_a _b中华文化出版事业社 _c1959 |
||
| 300 | _b平 | ||
| 490 | _a现代国民基本知识丛书. 6 | ||
| 650 | _a心理测验 | ||
| 942 |
_cBK _o179.1 FREE |
||
| 999 |
_c15626 _d15616 |
||